U.S. State Capitals Closest to the Great Lakes - Statistics

General Stats
  • This quiz has been taken 20,991 times
  • The average score is 8 of 10
Answer Stats
closest lake miles capital km % Correct
Ontario 131 Albany 211
91%
Erie 88 Columbus 142
89%
Huron 70 Lansing 113
87%
Michigan 130 Indianapolis 209
86%
Michigan 68 Madison 109
84%
Michigan 167 Springfield 269
84%
Superior 128 St. Paul 206
82%
Erie 193 Harrisburg 311
74%
Ontario 173 Montpelier 278
62%
Erie 211 Charleston 340
42%
No matching quizzes found
Score Distribution
Percent of People with Each Score
Percentile by Number Answered
Your Score History
You have not taken this quiz